000 00381cam a2200169ua 4500
020 _cRs. 2.00
041 _amal
_h
082 _a894.812308
_bKUS/KA
100 _aKushvahakanth, .
245 _aKaichangala
260 _aTiruvalla :
_bSouthern book stall ,
_c1960.
300 _a170 ; .
365 _aRs. 2.00
504 _a
942 _cBK
999 _c4498
_d4498